000 01834cam a2200169 4500500
005 20251228095228.0
041 _afre
042 _adc
100 1 0 _aBeccia, Isabelle
_eauthor
245 0 0 _aUn atelier de sculpture ornemaniste à Bordeaux
260 _c2005.
500 _a83
520 _aRésuméDans la seconde moitié du xixe siècle le mobilier liturgique est une préoccupation constante, dans une période de restauration du patrimoine religieux à l’abandon et de constructions de nouvelles églises. Bernard Jabouin (1810-1889) marbrier sculpteur crée une fabrique de mobilier religieux à Bordeaux dont l’activité dépasse largement le cadre local. Passionné d’archéologie, cet artiste cherche à retrouver l’esprit et les formes du Moyen Âge et produit de très nombreuses œuvres dans le style néo-gothique. Ces dernières, expressions sincères de la foi chrétienne connaissent un réel succès dans un contexte de renouveau religieux.
520 _aDuring the second half of the 19 th century, religious furniture was a constant preoccupation, in a period of renovation of neglected religious patrimony and construction of new churches. Bernard Jabouin (1810-1889), marble mason and sculptor, founded a factory of religious furniture in Bordeaux, the activity of which largely outgrew the local market. An enthusiast of archaeology, this artist tried to find the spirit and the forms of the Middle-Ages and produced a large number of works in the neo-gothic style. These works, sincere expressions of the Christian faith, met with a real success in a context of religious revival.
786 0 _nSociétés & Représentations | 20 | 2 | 2005-09-01 | p. 137-151 | 1262-2966
856 4 1 _uhttps://shs.cairn.info/revue-societes-et-representations-2005-2-page-137?lang=fr&redirect-ssocas=7080
999 _c1605920
_d1605920